000 00497nam a2200157 i 4500
001 142685
003 ES-MaACL
005 20230906200608.0
007 t|
008 071009s1922 po ||||1| por d
100 1 _aVilhena, Henrique de.
_9114861
245 1 3 _aDo bem e do belo on do sentido espiritual da vida humana
_b: (ensaio de etica e estetica) /
_cHenrique de Vilhena.
260 _aLisboa :
_b[s.n.],
_c1922 (
_fTip. America)
300 _a109 p. ;
_c26 cm.
852 _aES-MaACL
_jF-1314
999 _c142685
_d142685